Homeward my heart #4/ by Judith Pella.
Available copies
- 2 of 2 copies available at LARL/NWRL Consortium.
Current holds
0 current holds with 2 total copies.
Show Only Available Copies
| Location | Call Number / Copy Notes | Barcode | Shelving Location | Status | Due Date |
|---|---|---|---|---|---|
| Greenbush Public Library | PEL (Text) | 35500003480876 | Main | Available | - |
| Warroad Public Library | C PEL (Text) | 35500005157738 | Main | Available | - |
Record details
- ISBN: 0764224247 (pbk. : alk. paper)
- ISBN: 076422848X (alk. paper)
- Physical Description: 460 p. ; 22 cm.
- Publisher: Minneapolis, Minn. : Bethany House Publishers, c2004.
Search for related items by subject
| Subject: | Americans > Soviet Union > Fiction. Cold War > Fiction. Missing persons > Fiction. Sisters > Fiction. Stepbrothers > Fiction. Soviet Union > Fiction. |
| Genre: | Christian fiction. Historical fiction. |
Search for related items by series
| LDR | 01356cam a22003618a 4500 | ||
|---|---|---|---|
| 001 | 52720 | ||
| 003 | LARL_NWRL_CONSORTIUM | ||
| 005 | 20040604124229.0 | ||
| 008 | 040601s2004 mnu 000 1 eng | ||
| 020 | . | ‡a0764224247 (pbk. : alk. paper) | |
| 020 | . | ‡a076422848X (alk. paper) | |
| 035 | . | ‡a(OCoLC)56841059 ‡z(OCoLC)55600959 | |
| 035 | 0 | 0. | ‡ilcmarc/BDP-5559/LARLTECH |
| 082 | 0 | 0. | ‡a813/.54 ‡222 |
| 099 | . | ‡aPel | |
| 100 | 1 | . | ‡aPella, Judith. ‡0(LARL_NWRL_CONSORTIUM)80380 |
| 245 | 1 | 0. | ‡aHomeward my heart ‡n#4/ ‡cby Judith Pella. |
| 260 | . | ‡aMinneapolis, Minn. : ‡bBethany House Publishers, ‡cc2004. | |
| 300 | . | ‡a460 p. ; ‡c22 cm. | |
| 490 | 0 | . | ‡aDaughters of fortune ; ‡v4 |
| 650 | 0. | ‡aAmericans ‡zSoviet Union ‡vFiction. | |
| 650 | 0. | ‡aCold War ‡vFiction. ‡0(LARL_NWRL_CONSORTIUM)164391 | |
| 650 | 0. | ‡aMissing persons ‡vFiction. ‡0(LARL_NWRL_CONSORTIUM)165976 | |
| 650 | 0. | ‡aSisters ‡vFiction. ‡0(LARL_NWRL_CONSORTIUM)167281 | |
| 650 | 0. | ‡aStepbrothers ‡vFiction. | |
| 651 | 0. | ‡aSoviet Union ‡vFiction. ‡0(LARL_NWRL_CONSORTIUM)167421 | |
| 655 | 7. | ‡aChristian fiction. ‡2gsafd | |
| 655 | 7. | ‡aHistorical fiction. ‡2gsafd | |
| 901 | . | ‡a52720 ‡bOCLC ‡c52720 ‡tbiblio | |

Add to basket
Permalink
Disable Highlighting